Alle Rammstein Songs - Statistiken

Allgemein
  • Dieses Quiz wurde 57 mal gespielt
  • Das Durchschnittsergebnis liegt bei 55 aus 100
Antwortstatistiken
Album Song % Korrekt
Mutter Mutter
91%
Unbetitelt Deutschland
87%
Rosenrot Rosenrot
87%
Reise, Reise Reise, Reise
84%
Zeit Zeit
84%
Reise, Reise Amerika
82%
Mutter Sonne
82%
Unbetitelt Ausländer
80%
Sehnsucht Sehnsucht
80%
Liebe ist für alle da B********
78%
Sehnsucht Du hast
78%
Sehnsucht Engel
76%
Liebe ist für alle da Liebe ist für alle da
73%
Reise, Reise Moskau
73%
Zeit Dicke Titten
71%
Herzeleid Herzeleid
71%
Mutter Feuer frei!
69%
Mutter Links 2 3 4
69%
Rosenrot Mann gegen Mann
69%
Reise, Reise Mein Teil
67%
Unbetitelt Puppe
67%
Unbetitelt Radio
67%
Mutter Spieluhr
67%
Rosenrot Benzin
64%
Herzeleid Du riechst so gut
64%
Herzeleid Rammstein
64%
Liebe ist für alle da Haifisch
62%
Mutter Ich will
62%
Made in Germany1995-2011 Mein Land
62%
Herzeleid Seeman
62%
Liebe ist für alle da Waidmanns Heil
62%
Zeit Adieu
60%
Reise, Reise Ohne dich
60%
Liebe ist für alle da Pussy
60%
Liebe ist für alle da Rammlied
60%
Zeit Armee der Tristen
58%
Sehnsucht Bück dich
58%
Unbetitelt Diamant
58%
Rosenrot Ein Lied
58%
Rosenrot Feuer und Wasser
58%
Rosenrot Spring
58%
Herzeleid Weißes Fleisch
58%
Reise, Reise Dalai Lama
56%
Zeiten Giftig
56%
Reise, Reise Keine Lust
56%
Herzeleid Laichzeit
56%
Mutter Mein Herz brennt
56%
Unbetitelt Sex
56%
Mutter Zwitter
56%
Mutter Adios
53%
Reise, Reise Amour
53%
Herzeleid Asche zu Asche
53%
Liebe ist für alle da Donaukinder
53%
Sehnsucht Klavier
53%
Zeit OK
53%
Herzeleid Wollt ihr das Bett in Flammen sehen?
53%
Zeit Angst
51%
Liebe ist für alle da Roter Sand
51%
Zeit Schwarz
51%
Rosenrot Te quiero puta!
51%
Rosenrot Zerstören
51%
Herzeleid Der Meister
49%
Liebe ist für alle da Führe mich
49%
Unbetitelt Hallomann
49%
Liebe ist für alle da Liese
49%
Reise, Reise Los
49%
Reise, Reise Morgenstern
49%
Mutter Nebel
49%
Reise, Reise Stein um Stein
49%
Liebe ist für alle da Wiener Blut
49%
Zeit Zick Zack
49%
Sehnsucht Eifersucht
47%
Raritäten(1994-2012) Feuerräder
47%
Mutter Rein raus
47%
Sehnsucht Spiel mit mir
47%
Rosenrot Stirb nicht vor mir
47%
Sehnsucht Alter Mann
44%
Liebe ist für alle da Frühling in Paris
44%
Links 2 3 4 (Single) Halleluja
44%
Liebe ist für alle da Ich tue dir weh
44%
Sehnsucht Küss mich (Fellfrosch)
42%
Zeit Meine Tränen
42%
Unbetitelt Tattoo
42%
Rosenrot Hilf mir
40%
Sehnsucht Bestrafe mich
38%
Raritäten(1994-2012) Wilder Wein
38%
Rosenrot Wo bist du?
38%
Herzeleid Das alte Leid
36%
Herzeleid Heirate mich
36%
Liebe ist für alle da Mehr
36%
Unbetitelt Was ich liebe
36%
Liebe ist für alle da Halt
33%
Unbetitelt Weit weg
33%
Unbetitelt Zeig dich
33%
Zeit Lügen
29%
Das Modell (Single) Kokain
27%
Sehnsucht Tier
27%
Raritäten(1994-2012) 5/4
22%
Mein Land (Single) Vergiss uns nicht
20%
Raritäten(1994-2012) Gib mir deine Augen
11%
Keine übereinstimmenden Quizze gefunden
Verteilung der Resultate
Anzahl Personen mit jedem Resultat
Perzentil nach korrekt beantworteten Fragen
Ihre Resultats-Entwicklung
Sie haben dieses Quiz noch nicht gespielt